A treatise on the veneral disease / (Record no. 163314)

MARC details
000 -LEADER
campo de control de longitud fija 00800nam a22002055i 4500
001 - NÚMERO DE CONTROL
campo de control 163314
003 - IDENTIFICADOR DE NÚMERO DE CONTROL
campo de control ES-MaACL
005 - FECHA Y HORA DE LA ÚLTIMA TRANSACCIÓN
campo de control 20250806052101.0
008 - DATOS DE LONGITUD FIJA--INFORMACIÓN GENERAL
campo de control de longitud fija 050718s1782 xxk | |||||||| ||spa d
040 ## - FUENTE DE CATALOGACIÓN
Centro catalogador/agencia de origen CAM
Lengua de catalogación spa
Centro/agencia transcriptor CAM
100 1# - ENTRADA PRINCIPAL--NOMBRE DE PERSONA
Nombre de persona Renny, G.
9 (RLIN) 131705
245 12 - MENCIÓN DEL TÍTULO
Título A treatise on the veneral disease /
Mención de responsabilidad, etc. by G. Renny.
260 ## - PUBLICACIÓN, DISTRIBUCIÓN, ETC.
Lugar de publicación, distribución, etc. London :
Nombre del editor, distribuidor, etc. printed for J. Murray,
Fecha de publicación, distribución, etc. 1782.
300 ## - DESCRIPCIÓN FÍSICA
Extensión XV, 171 p. ;
Dimensiones 21 cm.
597 ## - NOTA DE DESCRIPCIÓN FÍSICA
NOTA DE DESCRIPCIÓN FÍSICA Sign.: []3, a5, B-L8, M6.
650 #7 - PUNTO DE ACCESO ADICIONAL DE MATERIA--TÉRMINO DE MATERIA
Término de materia o nombre geográfico como elemento de entrada Enfermedades de transmisión sexual
Fuente del encabezamiento o término embne
9 (RLIN) 12260
752 ## - ENTRADA AGREGADA--NOMBRE JERÁRQUICO DEL LUGAR
País o entidad superior Gran Bretaña -
Ciudad Londres
852 ## - LOCALIZACIÓN
Ubicación ES-MaACL
Número de control de estantería R-1403
Nota libre -- Enc. hol.
-- -- Regalado al Ateneo de Madrid por la disuelta sociedad "Escolares médicos" "(firma)... "
-- Donativo del socio Dr. Jose M. de Aleos?
Encuadernación Olim: G-13030
Holdings
Estatus retirado Estado de pérdida Estado de daño No para préstamo Colección Biblioteca de origen Biblioteca actual Ubicación en estantería Fecha de adquisición Fuente de adquisición Total de préstamos Signatura topográfica completa Código de barras Visto por última vez Precio de reemplazo Tipo de ítem Koha
        Libros del s. XVIII Biblioteca del Ateneo de Madrid Biblioteca del Ateneo de Madrid Depósito 17/01/2008     R-1403 1171136 23/02/2023 23/02/2023 Libro impreso antiguo